A short outline of modern tactics, (Record no. 552296)

000 -LEADER
fixed length control field 00417cam a22001451 4500
082 ## - DEWEY DECIMAL CLASSIFICATION NUMBER
Classification number 355.42
Author Mark BEA
100 1# - MAIN ENTRY--PERSONAL NAME
Personal name Beauman, A. B.
9 (RLIN) 49515
245 12 - TITLE STATEMENT
Title A short outline of modern tactics,
Statement of responsibility, etc. by Brigadier-General A. B. Beauman.
260 ## - PUBLICATION, DISTRIBUTION, ETC.
Place of publication, distribution, etc. London,
Name of publisher, distributor, etc. H. Rees ltd.,
Date of publication, distribution, etc. 1939.
300 ## - PHYSICAL DESCRIPTION
Extent 63 p.
Dimensions 22 cm.
526 ## - STUDY PROGRAM INFORMATION NOTE
Program name 0
Interest level 0
Reading level 0
Title point value 355_420000000000000_BEA
650 #0 - SUBJECT ADDED ENTRY--TOPICAL TERM
Topical term or geographic name entry element MCE
9 (RLIN) 379
650 #0 - SUBJECT ADDED ENTRY--TOPICAL TERM
Topical term or geographic name entry element Tactics.
9 (RLIN) 37945
942 ## - ADDED ENTRY ELEMENTS (KOHA)
Source of classification or shelving scheme
Koha item type Book
Holdings
Withdrawn status Lost status Source of classification or shelving scheme Damaged status Not for loan Permanent Location Current Location Shelving location Date acquired Total Checkouts Full call number Barcode Date last seen Price effective from Koha item type
          Military College of Engineering (MCE) Military College of Engineering (MCE)   01/13/2015   355.42 BEA MCE-ECS/110 01/13/2015 01/13/2015 Book
© 2023 Central Library, National University of Sciences and Technology. All Rights Reserved.